| 000 | 00484cam a2200145 4500500 | ||
|---|---|---|---|
| 005 | 20251012004405.0 | ||
| 041 | _afre | ||
| 042 | _adc | ||
| 100 | 1 | 0 |
_aMaurin, Louis _eauthor |
| 245 | 0 | 0 | _aCes Français qui vivent seuls |
| 260 | _c2018. | ||
| 500 | _a17 | ||
| 786 | 0 | _nAlternatives Économiques | 115 - Hors série | HS3 | 2018-10-01 | p. 52-53 | 0247-3739 | |
| 856 | 4 | 1 | _uhttps://shs.cairn.info/magazine-alternatives-economiques-2018-hs3-page-52?lang=fr&redirect-ssocas=7080 |
| 999 |
_c1515443 _d1515443 |
||